La falacia clásica clásica (Registro nro. 22714)
[ vista simple ]
| 000 -LEADER | |
|---|---|
| fixed length control field | 00331 a2200121 4500 |
| 001 - CONTROL NUMBER | |
| control field | ART_6181 |
| 005 - DATE AND TIME OF LATEST TRANSACTION | |
| control field | 20260410161825.0 |
| 008 - FIXED-LENGTH DATA ELEMENTS--GENERAL INFORMATION | |
| fixed length control field | 260409a |
| 100 1# - MAIN ENTRY--PERSONAL NAME | |
| Personal name | Samuelson, Paul A. |
| 245 10 - TITLE STATEMENT | |
| Title | La falacia clásica clásica |
| 700 1# - ADDED ENTRY--PERSONAL NAME | |
| Personal name | Rayó, Antonio R. |
| 773 0# - HOST ITEM ENTRY | |
| Title | FACES |
| Related parts | - Año 1, Nº 1 (jun 1995) |
| Record control number | REV5046 |
No hay ítems disponibles.